College Quizbowl Stats
College Quizbowl Stats
Circuits
Seasons
Sets
Records
Detailed Stats
About
Loading...
2024 ACF Winter at Central Florida
Tossups
Bonuses
Players
Teams
Categories (Tossup)
Categories (Bonus)
Thomas Barbato
Florida D
Categories
Category
Powers
Gets
Negs
BBs
Points
Earliest Buzz
Avg. Buzz
First Buzzes
Top 3 Buzzes
BPA
PVF
Fine Arts - Other
0
1
0
0
10
122
122.00
0
1
0.00
0.00
History - American
0
1
0
0
10
69
69.00
1
1
0.00
0.00
Science - Biology
0
1
0
0
10
123
123.00
0
0
0.00
0.00
Social Science
0
1
0
0
10
78
78.00
1
1
0.00
0.00
Buzzes
Category
Answer
Value
Buzz Position
History - American
California
10
69
Social Science
collars
10
78
Fine Arts - Other
Nigeria
10
122
Science - Biology
amino acids
10
123
Previous
1
Next